000 00496ngm a2200181 i 4500
001 C2-0324778
003 PPAK
005 20180727221944.0
008 131223s2013 my |||| ||||| | vleng d
040 _aPPAK
_beng
_cPPAK
_erda
245 1 0 _aBarbie :
_bthe princes & the popstar
264 1 _aKuala Lumpur :
_bInnoform Media ,
_c2013
336 _2rdacontent
_atext
337 _2rdamedia
_aunmediated
338 _2rdacarrier
_avolume
700 1 _aNorton, Zeke,
_ecompile
942 _2ddc
_cDVD
999 _c167464
_d167464